000 00924nam a2200277 a 4500
001 617
003 BR-CuiBMT
005 20231213131949.0
008 231101s2008 prba 000 0 por d
020 _a9788536221274
040 _aBR-CuiBMT
_cBR-CuiBMT
080 _a351.72:352
_22007
090 _a351.72:352
_bB898l
_c3. ed.
100 1 _aBruno, Reinaldo Moreira
245 1 0 _aLei de responsabilidade fiscal e orçamento público municipal /
_cReinaldo Moreira Bruno.
250 _a3. ed., rev. e atual.
260 _aCuritiba :
_bJuruá,
_c2008.
300 _a299 p. :
_bil. ;
_c21 cm
504 _aInclui bibliografia e índice.
590 _aA Biblioteca possui a 3. reimpr. 2011.
650 _aLei de Responsabilidade fiscal
_xMunicípios
_zBrasil
650 _aFinanças públicas
_vLegislação
_zBrasil
650 _aAdministração pública
_zBrasil
650 _aOrçamento público
_zBrasil
942 _2udc
_cLV
999 _c617
_d617